Alle anerkannten Länder und deren Hauptstädte der Welt auf einer Karte - Statistiken

Allgemein
  • Dieses Quiz wurde 279 mal gespielt
  • Das Durchschnittsergebnis liegt bei 212 aus 396
Antworten auf der Karte
Die Antworten werden auf der Karte rot bzw. grün angezeigt, abhängig davon wie oft sie richtig erraten wurden.
 
Antwortstatistiken
Länder, Hauptstädte % Korrekt
Mexiko
83%
USA
81%
Kanada
80%
Mexiko-Stadt
80%
Panama
78%
Ottawa
77%
Deutschland
76%
Washington D.C.
76%
Kuba
75%
Berlin
74%
Russland
74%
Brasilien
73%
Brasília
72%
Frankreich
72%
Moskau
72%
Argentinien
71%
Chile
71%
China
71%
Irland
71%
Japan
71%
Kolumbien
71%
London
71%
Madrid
71%
Norwegen
71%
Paris
71%
Peru
71%
Schweden
71%
Tokio
71%
Venezuela
71%
Dänemark
70%
Indien
70%
Italien
70%
Oslo
70%
Polen
70%
Spanien
70%
Südkorea
70%
Ägypten
69%
Amsterdam
69%
Bolivien
69%
Brüssel
69%
Finnland
69%
Guatemala
69%
Island
69%
Jamaika
69%
Portugal
69%
Stockholm
69%
Türkei
69%
Ukraine
69%
Uruguay
69%
Australien
68%
Bahamas
68%
Belarus
68%
Belgien
68%
Bern
68%
Dublin
68%
Ecuador
68%
El Salvador
68%
Haiti
68%
Kopenhagen
68%
Lettland
68%
Lissabon
68%
Luxemburg
68%
Niederlande
68%
Nordkorea
68%
Österreich
68%
Rumänien
68%
Warschau
68%
Wien
68%
Andorra
67%
Estland
67%
Griechenland
67%
Helsinki
67%
Kasachstan
67%
Litauen
67%
Monaco
67%
Niger
67%
Paraguay
67%
Rom
67%
Schweiz
67%
Tunesien
67%
Algerien
66%
Athen
66%
Belize
66%
Buenos Aires
66%
Costa Rica
66%
Guyana
66%
Honduras
66%
Iran
66%
Israel
66%
Kiew
66%
Madagaskar
66%
Marokko
66%
Neuseeland
66%
Nicaragua
66%
Prag
66%
Slowenien
66%
Südafrika
66%
Ankara
65%
Bulgarien
65%
Havanna
65%
Indonesien
65%
Irak
65%
Kairo
65%
Moldawien
65%
Mongolei
65%
Nepal
65%
Nigeria
65%
Pakistan
65%
Peking
65%
Seoul
65%
Slowakei
65%
Surinam
65%
Thailand
65%
Tschechien
65%
Ungarn
65%
Vatikanstadt
65%
Afghanistan
64%
Jemen
64%
Jerusalem
64%
Kroatien
64%
Libyen
64%
San Marino
64%
Vietnam
64%
Albanien
63%
Bangladesch
63%
Malaysia
63%
Riga
63%
Saudi-Arabien
63%
Syrien
63%
Budapest
62%
Bukarest
62%
Canberra
62%
Dominikanische Republik
62%
Kambodscha
62%
Kosovo
62%
Laos
62%
Malé
62%
Mali
62%
Malta
62%
Oman
62%
Santiago
62%
Singapur
62%
Somalia
62%
Sri Lanka
62%
Sudan
62%
Taiwan
62%
Tunis
62%
Turkmenistan
62%
Usbekistan
62%
Zypern
62%
Lima
61%
Namibia
61%
Nordmazedonien
61%
Panama-Stadt
61%
Reykjavík
61%
Serbien
61%
Sofia
61%
Zagreb
61%
Ghana
60%
Jordanien
60%
Kap Verde
60%
Kenia
60%
Minsk
60%
Südsudan
60%
Algier
59%
Aserbaidschan
59%
Äthiopien
59%
Bogotá
59%
Bratislava
59%
Demokratische Republik Kongo
59%
Eritrea
59%
Georgien
59%
Kuwait
59%
Lesotho
59%
Libanon
59%
Montenegro
59%
Mosambik
59%
Myanmar
59%
Papua-Neuguinea
59%
Philippinen
59%
Senegal
59%
Tadschikistan
59%
Togo
59%
Tschad
59%
Vereinigte Arabische Emirate
59%
Vilnius
59%
Armenien
58%
Elfenbeinküste
58%
Katar
58%
Montevideo
58%
Vaduz
58%
Bhutan
57%
Kamerun
57%
Malediven
57%
Mauretanien
57%
Tirana
57%
Zentralafrikanische Republik
57%
Angola
56%
Belgrad
56%
Benin
56%
Botswana
56%
Dschibuti
56%
Großbritannien
56%
Guinea
56%
Kirgistan
56%
Liberia
56%
Liechtenstein
56%
Ruanda
56%
Seychellen
56%
Tansania
56%
Teheran
56%
Trinidad und Tobago
56%
Uganda
56%
Wellington
56%
Andorra la Vella
55%
Gabun
55%
Nikosia
55%
Osttimor
55%
Rabat
55%
Simbabwe
55%
Äquatorial- Guinea
54%
Bangkok
54%
Barbados
54%
Malawi
54%
Sambia
54%
Sarajevo
54%
Sierra Leone
54%
Bagdad
53%
Beirut
53%
Bosnien und Herzegowina
53%
Burkina Faso
53%
Fidschi
53%
Gambia
53%
Guinea-Bissau
53%
Kabul
53%
Komoren
53%
Mauritius
53%
Pjöngjang
53%
Republik Kongo
53%
Eswatini
52%
Grenada
52%
Kapstadt
52%
Kingston
52%
Ljubljana
52%
Mikronesien
52%
Quito
52%
Samoa
52%
São Tomé
52%
Baku
51%
Brunei
51%
Burundi
51%
Caracas
51%
Dominica
51%
Jakarta
51%
Palau
51%
Riad
51%
San Salvador
51%
Tiflis
51%
Tuvalu
51%
Astana
50%
Bahrain
50%
Chișinău
50%
Damaskus
50%
Islamabad
50%
Manila
50%
Port-au-Prince
50%
Tallinn
50%
Vanuatu
50%
Abu Dhabi
49%
Guatemala-Stadt
49%
Kiribati
49%
Skopje
49%
Tonga
49%
Priština
48%
Hanoi
47%
Kuala Lumpur
47%
Marshallinseln
47%
Nairobi
47%
Nassau
47%
Nauru
47%
Podgorica
47%
Taipeh
47%
Pretoria
46%
Salomonen
46%
Doha
45%
Kuwait-Stadt
45%
Valletta
45%
Addis Abeba
44%
Amman
44%
Georgetown
44%
San José
44%
Sucre
44%
La Paz
43%
Tripolis
43%
Antigua und Barbuda
42%
Dakar
42%
Dhaka
42%
Antananarivo
41%
Windhoek
41%
Accra
40%
Freetown
40%
Jerewan
40%
Kinshasa
40%
Asunción
39%
Belmopan
39%
Port of Spain
39%
Taschkent
39%
Bischkek
38%
Brazzaville
38%
Kathmandu
38%
Maskat
38%
Neu-Dehli
38%
Santo Domingo
38%
Luanda
37%
Sanaa
37%
Abuja
36%
Bissau
36%
Port Moresby
36%
Dili
35%
Kingstown
35%
Lomé
35%
Managua
35%
Mogadischu
35%
Paramaribo
35%
Khartum
34%
Manama
33%
Saint Lucia
33%
Duschanbe
32%
Kampala
32%
Libreville
32%
Saint Vincent und die Grenadinen
32%
Tegucigalpa
32%
Colombo
31%
Gaborone
31%
N'Djamena
31%
Phnom Penh
31%
Port Louis
31%
Porto Novo
31%
Praia
31%
Saint Kitts und Nevis
31%
São Tomé und Príncipe
31%
Ulaanbaatar
31%
Harare
30%
Juba
30%
Kigali
30%
Monrovia
30%
Victoria
30%
Bamako
29%
Banjul
29%
Dodoma
29%
Maputo
29%
Maseru
29%
Niamey
29%
Suva
29%
Vientiane
29%
Asmara
28%
Bloemfontein
28%
Bridgetown
28%
Lusaka
28%
Ouagadougou
28%
Apia
27%
Lilongwe
27%
Aşgabat
26%
Bangui
26%
Basseterre
26%
Conakry
26%
Jaunde
26%
Mbabane
26%
Moroni
26%
Roseau
26%
Castries
25%
Nouakchott
25%
Port Vila
25%
Thimphu
25%
Yamoussoukro
25%
Funafuti
24%
Gitega
24%
Malabo
24%
Saint George's
24%
Saint John's
23%
Yaren
22%
Bandar Seri Begawan
21%
Honiara
20%
Nukuʻalofa
20%
Naypyidaw
19%
Palikir
19%
Majuro
18%
Ngerulmud
18%
Cotonou
17%
Tarawa
11%
Keine übereinstimmenden Quizze gefunden
Verteilung der Resultate
Anzahl Personen mit jedem Resultat
Perzentil nach korrekt beantworteten Fragen
Ihre Resultats-Entwicklung
Sie haben dieses Quiz noch nicht gespielt